Province della Spagna - Statistics

Statistiche generali
  • Questo quiz è stato fatto 104 volte
  • Il punteggio medio è 23 su 50
Statistiche sulle risposte
Comunità autonoma Provincia % Corretto
Madrid Madrid
94%
Catalogna Barcellona
92%
Andalusia Siviglia
91%
Comunità Valenciana Valencia
90%
Andalusia Malaga
84%
Andalusia Granada
75%
Murcia Murcia
73%
Aragona Saragozza
73%
Andalusia Cadice
68%
Castiglia e León Valladolid
67%
Comunità Valenciana Alicante
65%
Isole Canarie Las Palmas
65%
Castiglia-La Mancia Toledo
62%
Castiglia e León León
59%
Galizia La Coruña
58%
Andalusia Cordova
56%
Catalogna Tarragona
53%
Andalusia Almería
51%
Comunità Valenciana Castellón
44%
Andalusia Huelva
44%
Castiglia e León Salamanca
44%
Isole Canarie Santa Cruz de Tenerife
44%
Castiglia e León Burgos
43%
Andalusia Jaén
43%
Castiglia-La Mancia Albacete
42%
Estremadura Badajoz
42%
Estremadura Cáceres
41%
Navarra Navarra
41%
La Rioja La Rioja
38%
Castiglia e León Avila
37%
Aragona Huesca
37%
Asturie Asturie
34%
Catalogna Lleida
34%
Cantabria Cantabria
33%
Catalogna Gerona
33%
Galizia Lugo
33%
Castiglia e León Segovia
33%
Castiglia e León Palencia
32%
Castiglia-La Mancia Ciudad Real
29%
Aragona Teruel
29%
Isole Baleari Baleari
27%
Galizia Pontevedra
27%
Castiglia e León Zamora
27%
Castiglia-La Mancia Cuenca
24%
Castiglia-La Mancia Guadalajara
24%
Galizia Ourense
24%
Castiglia e León Soria
24%
Paesi Baschi Biscaglia
18%
Paesi Baschi Álava
16%
Paesi Baschi Gipuzkoa
10%
Nessun quiz corrispondente trovato
Distribuzione punteggi
Percentuale di utenti per punteggio
Percentile per numero di risposta
I tuoi punteggi nel tempo
Non hai fatto questo quiz